000 00937cab a2200349 4500
001 ABS54920
008 090401t1996 xxu||||| |||| 00| 0 eng d
035 _a(Sirsi) u13088
041 _aeng
245 _aFocus `96: Cambridgeshire
260 _c1996
350 _a0
490 _aEstates Gazette
_v(9615) 13 April 1996, 71-93(9)
650 _aA14
650 _aALCONBURY AIRFIELD
650 _aCAMBRIDGE
650 _aCAMBRIDGESHIRE
650 _aDISTRIBUTION CENTRES
650 _aEAST ANGLIA
650 _aHAMPTON
650 _aHUNTINGDON
650 _aINDUSTRIAL DEVELOPMENT
650 _aNEW TOWNS
650 _aOFFICE DEVELOPMENT
650 _aPROPERTY-COMMERCIAL PROPERTY-OFFICE PROPERTY-OFFICE PROPERTY MARKET
650 _aOFFICE RENTS
650 _aPETERBOROUGH
650 _aPOPULATION
690 _aPROPERTY-COMMERCIAL PROPERTY-COMMERCIAL PROPERTY MARKET
942 _n0
948 _c04/03/1997
999 _c8416
_d8416